Normal view MARC view
  • Biblia.

Entry Uniform Title

Number of records used in: 1

001 - CONTROL NUMBER

  • control field: 58481

003 - CONTROL NUMBER IDENTIFIER

  • control field:

005 - DATE AND TIME OF LATEST TRANSACTION

  • control field: 20200910180031.0

008 - FIXED-LENGTH DATA ELEMENTS

  • fixed length control field: 200910|| aca||aabn | a|a d

040 ## - CATALOGING SOURCE

  • Original cataloging agency:
  • Transcribing agency:

130 ## - HEADING--UNIFORM TITLE

  • Uniform title: Biblia.
  • Name of part/section of a work: N.T.
  • Name of part/section of a work: Epistolae s. Pauli
  • General subdivision: Studi italiano

670 ## - SOURCE DATA FOUND

  • Source citation: Work cat.: ()0: Pitta, Antonio, sacerdote, 1959-, autore. 58480, Giustificati per grazia :
CREDITS: SOCIETA' SAN PAOLO Via A.Severo, 58 - ROMA (RM) & PERIODICI SAN PAOLO SRL Via Giotto, 36 MILANO & CISF Via Giotto, 36 MILANO & EDIZIONI SAN PAOLO SRL,  Piazza Soncino, 5 CINISELLO BALSAMO (MI) -- ITALY